Vzťah manažmentu znalostí a TQM

Manažment znalostí - definícia. Proces manažmentu znalostí. TQM - komplexné manažérstvo kvality. Charakteristika a princípy TQM. Integrácia TQM a manažmentu znalostí. Model integrácie TQM a manažmentu znalostí.

Guardado en:
Detalles Bibliográficos
Autor principal: Mizla, Martin, 1955-
Otros Autores: Genčanská, Natália
Formato: Capítulo de libro
Lenguaje:eslovaco
Materias:
Etiquetas: Agregar Etiqueta
Sin Etiquetas, Sea el primero en etiquetar este registro!

MARC

LEADER 00000naa a2200000 4500
001 0136087
005 20240605072046.8
041 0 |a slo 
044 |a SK 
245 1 0 |a Vzťah manažmentu znalostí a TQM  |c Martin Mizla, Natália Genčanská 
520 |a Manažment znalostí - definícia. Proces manažmentu znalostí. TQM - komplexné manažérstvo kvality. Charakteristika a princípy TQM. Integrácia TQM a manažmentu znalostí. Model integrácie TQM a manažmentu znalostí. 
610 2 0 |a riadenie znalostí 
610 2 0 |a vedomosti 
610 2 0 |a manažment znalostný 
610 2 0 |a riadenie kvality 
610 2 0 |a kapitál intelektuálny 
610 2 0 |a inovácia 
610 2 0 |a procesy podnikové 
610 2 0 |a práca tímová 
100 1 |a Mizla, Martin, 1955- 
700 1 |a Genčanská, Natália